| 000 | 01459nam a22003857a 4500 | ||
|---|---|---|---|
| 001 | 14699173 | ||
| 003 | OSt | ||
| 005 | 20210426063828.0 | ||
| 008 | 070116s2007 txu b 000 p eng | ||
| 010 | _a 2007001733 | ||
| 020 | _a9780916727420 (alk. paper) | ||
| 020 | _a0916727424 (alk. paper) | ||
| 035 | _a(OCoLC)ocm78893368 | ||
| 040 |
_aDLC _cDLC _dBTCTA _dBAKER _dYDX _dYDXCP _dLNQ _dVP@ _dTEF _dAA5 _dDLC _beng |
||
| 041 | 1 |
_aeng _aspa _hspa |
|
| 042 | _apcc | ||
| 050 | 0 | 0 |
_aPQ7389.M2 _bI813 2007 |
| 080 |
_a821.111 _bM-35 |
||
| 082 | 0 | 0 |
_a861/.5 _222 |
| 100 | 1 |
_aMartí, José, _d1853-1895. |
|
| 240 | 1 | 0 |
_aIsmaelillo. _lEnglish & Spanish |
| 245 | 1 | 0 |
_aIsmaelillo / _cJosé Martí ; with a critical introduction, notes and an English translation by Tyler Fisher ; foreword by Virgil Suárez. _b/ by: Wings Press |
| 260 |
_aSan Antonio, Tex. : _bWings Press _c2007. |
||
| 300 |
_al, 76 p. _c23 cm. |
||
| 365 | _b19.95 usd | ||
| 504 | _aIncludes bibliographical references (p. 71-74). | ||
| 546 | _aIn English and Spanish. | ||
| 600 | 1 | 0 |
_aMartí, José, _d1853-1895 _vPoetry. |
| 651 | 0 |
_aCuba _xHistory _y1810-1899. |
|
| 700 | 1 |
_aFisher, Tyler. _eTranslator |
|
| 856 | 4 | 1 |
_3Table of contents only _uhttp://www.loc.gov/catdir/toc/ecip078/2007001733.html |
| 906 |
_a7 _bcbc _corignew _d1 _eecip _f20 _gy-gencatlg |
||
| 942 |
_2udc _cBK |
||
| 999 |
_c1463 _d1463 |
||